Annual report 2011-12 (Record no. 507324)

000 -LEADER
fixed length control field 00350nam a2200109 4500
082 ## - DEWEY DECIMAL CLASSIFICATION NUMBER
Classification number A45:Z13 IARI/2011-12
100 ## - MAIN ENTRY--PERSONAL NAME
Personal name Indian Agricultural Research Institute
9 (RLIN) 1413
245 ## - TITLE STATEMENT
Title Annual report 2011-12
Statement of responsibility, etc by Indian Agricultural Research Institute
260 ## - PUBLICATION, DISTRIBUTION, ETC. (IMPRINT)
Place of publication, distribution, etc New Delhi
Name of publisher, distributor, etc Indian Agricultural Research Institute
Date of publication, distribution, etc 2012
300 ## - PHYSICAL DESCRIPTION
Extent 162p.
942 ## - ADDED ENTRY ELEMENTS (KOHA)
Source of classification or shelving scheme
Holdings
Withdrawn status Lost status Source of classification or shelving scheme Damaged status Koha normalized classification for sorting Not for loan Permanent location Current location Date acquired Full call number Barcode Date last seen Price effective from Koha item type
        A_45Z13_IARI_201112   Indian Institute of Public Administration Indian Institute of Public Administration 2019-02-08 A45:Z13 IARI/2011-12 GG34146 2019-02-08 2019-02-08 GG

Powered by Koha